The pollution control policy of the European Communities /

Bibliographic Details
Main Author: Johnson, Stanley, 1940-
Format: Book
Language:English
Published: London : Graham & Trotman, 1983.
Edition:[2nd ed.].
Subjects:

MARC

Tag First Indicator Second Indicator Subfields
LEADER 00000cam a2200000 a 4500
001 in00000761921
005 20151017051430.0
008 840105s1983 enk b 00010 eng d
020 |a 0860104117 
035 |a (OCoLC)10268416 
035 |9 ADK6243AM 
040 |a GZN  |c GZN  |d TXA  |d UtOrBLW 
043 |a ew----- 
049 |a TXAM  |c [1277138] 
090 |a HC240.9.E5  |b J63 1983 
100 1 |a Johnson, Stanley,  |d 1940- 
245 1 4 |a The pollution control policy of the European Communities /  |c Stanley P. Johnson. 
250 |a [2nd ed.]. 
264 1 |a London :  |b Graham & Trotman,  |c 1983. 
300 |a xvii, 244 pages ;  |c 24 cm. 
336 |a text  |b txt  |2 rdacontent 
337 |a unmediated  |b n  |2 rdamedia 
338 |a volume  |b nc  |2 rdacarrier 
504 |a Bibliography: pages 223-230. 
650 0 |a Environmental policy  |z European Economic Community countries. 
650 0 |a Pollution  |z European Economic Community countries. 
999 |a MARS 
999 f f |s b5942b5b-6528-3322-a1d3-2da8fd6c4080  |i 3e151852-01f9-3ef1-a91c-71d0eaa01ee1  |t 0 
952 f f |p ric  |a Texas A&M University  |b Rellis Campus  |c Joint Library Facility  |d Remote Storage  |t 0  |e HC240.9.E5 J63 1983  |h Library of Congress classification  |i unmediated -- volume  |m A14807420321 
998 f f |a HC240.9.E5 J63 1983  |t 0  |l Remote Storage